000 00531nam a2200217Ia 4500
003 OSt
005 20220923230337.0
006 a|||||r|||| 00| 0
007 ta
008 Pun
024 _a279,654
037 _cTextual
040 _aARTS
_cARTS
_bPun
041 _2Pun
_aPun
082 _aQ8441:33:g, 153L0
100 _aਸਿੰਘ, ਮੋਹਨ
245 0 _aਸਿਧ ਗੋਸਟਿ
260 _c1970
942 _hQ8441:33:g, 153L0
_cTEXL
_2CC
999 _c384124
_d384124